00781nam a2200217 a 4500999001500000001000600015003000900021005001700030008004100047040003800088082002400126245007000150260007200220300002200292505001100314546002500325650002100350710005400371942001200425952012600437 c1372d137210984BD-DhUAP20210120151146.0200206s2007 bg l f001 0 eng d aBD-DhUAPcBD-DhUAPdBD-DhUAPbEng00a348.5492022 BAN22314aThe Bangladesh code :bact No. III of 1872 to act No. II of 1882. aDhaka :bMinistry of Law, Justice and Parliamentary Affairs,c2007. avolumes ;c24 cm. aV. 2-- aEnglish and Bengali. 0aLawzBangladesh. aGovernment of the peoples republic of Bangladesh. 2ddccBK 00102ddc4070aUAPCLbUAPCLcGeneral Stacksd2020-02-06o348.5492022 BAN V-2p3010010984r2020-02-06t1w2020-02-06yBK